000 00407nam a22001337a 4500
040 _cNUST
082 _a200 THE
100 _aAlina Maryum
_984054
110 _aSupervisor Dr. Muhammad Usman Akram
_984163
245 _aTH-SOF-1901-Classification of Cassava leaf Diseases Using Deep Neural Networks
260 _aISLAMABAD:
_bNUST COLLEGE OF EME,
_c2021.
650 _aMS-CSE-19
_984056
942 _2ddc
_cTHE
999 _c586726
_d586726